Triunfo /

Guardado en:
Autor Principal: Quoist, Michel
Formato: Libro
Publicado: Buenos Aires : Lumen, 1977
Edición:33a. ed.
Etiquetas: Agregar Etiqueta
Sin Etiquetas, Sea el primero en etiquetar este registro!
LEADER 00397nam a22001575a 4500
001 CEM.cems005257
005 20060220000000.0
008 130507s1977##################000#0#####d
003 CEMS
082 0 4 |a 110 
100 1 |a Quoist, Michel 
245 1 0 |a Triunfo / 
250 |a 33a. ed. 
260 |a Buenos Aires :  |b Lumen,  |c 1977 
300 |a 263 p. 
859 |a CEMS  |b BIB. CEMS - 11 de abril  |h 110  |i Q52a33  |p 12185.83  |t Ej.1